Top 15 Countries by Food Type #2 - Statistics

General Stats
  • This quiz has been taken 23 times
  • The average score is 10 of 15
Answer Stats
Food Produced Answer % Correct
Chicken United States
100%
Coffee Brazil
95%
Lemon India
95%
Avocado Mexico
95%
Wheat China
91%
Lentil Canada
86%
Sunflower Seed Russia
86%
Yerba Mate Argentina
77%
Cinnamon Indonesia
77%
Artichoke Italy
73%
Cherry Turkey
59%
Dates Egypt
50%
Cocoa Ivory Coast
14%
Sesame Sudan
14%
Horse Kasakhstan
5%
No matching quizzes found
Score Distribution
Percent of People with Each Score
Percentile by Number Answered
Your Score History
You have not taken this quiz